Morada al sur (Registro nro. 29700)

Detalles MARC
000 -CABECERA
Longitud fija campo de control 00798nam a2200229 a 4500
003 - • IDENTIFICADOR DELl NÚMERO DE CONTROL
Identificador del número de control CO-ViMGA
008 - • CÓDIGOS DE INFORMACIÓN DE LONGITUD FIJA
Códigos de información de longitud fija 141112s2004 ck r 000 u spa d
020 ## - • NÚMERO INTERNACIONAL NORMALIZADO PARA LIBROS
Número Internacional Normalizado para Libros (ISBN) 9583007781
040 ## - FUENTE DE LA CATALOGACIÓN
Centro catalogador de origen CO-ViMGA
Lengua de catalogación spa
Centro transcriptor CO-ViMGA
082 04 - • NÚMERO DE LA CLASIFICACIÓN DECIMAL DEWEY
Número de clasificación (R) Co861.6 A778m
100 1# - • PUNTO DE ACCESO PRINCIPAL-NOMBRE DE PERSONA
Nombre de persona Arturo, Aurelio
245 10 - • TITULO PROPIAMENTE DICHO
Título Morada al sur
300 ## - • DESCRIPCIÓN FÍSICA
Extensión 80
505 ## - • NOTA DE CONTENIDO CON FORMATO
Nota de contenido con formato Cansión del ayer 21 - - cansión de la noche callada 45 - - Remota luz 59 - - Rapsodia de saulo 65 - - Madrigales 73
590 ## - NOTAS LOCALES
Nota local Forma de adquisición : compra - - Precio : 28572 - - Proveedor : Topalxe - - Fecha de adquisición : Mayo 2006
650 14 - • PUNTO DE ACCESO ADICIONAL DE MATERIA - TÉRMINO DE MATERIA
Término de materia o nombre geográfico como elemento inicial CLIMATOLOGIA - POESIA
650 14 - • PUNTO DE ACCESO ADICIONAL DE MATERIA - TÉRMINO DE MATERIA
Término de materia o nombre geográfico como elemento inicial MADRIGALES - POEMAS
650 14 - • PUNTO DE ACCESO ADICIONAL DE MATERIA - TÉRMINO DE MATERIA
Término de materia o nombre geográfico como elemento inicial POESIA COLOMBIANA
942 ## - ENTRADA DE ELEMENTOS AGREGADOS (KOHA)
Fuente de clasificaión o esquema Dewey Decimal Classification
Koha [por defecto] tipo de item LIbro

No hay ítems disponibles.










Instituto Departamental de Cultura del Meta - Red Departamental de Bibliotecas Públicas del Meta.